000
00323nam a2200109Ia 4500
008
200302s9999 xx 000 0 und d
100
_a
I. P. Gautam and Others
245
_a
Urban transport India series Innovations in design Ahmedabad bus rapid transit system
260
_b
Maping Publishing
260
_c
2014
300
_a
197
999
_c
6052
_d
6052